Statistics for Every ZOMBIE in PvZ2

Click here to take the quiz!

General Stats

  • This quiz has been taken 16 times
    (14 since last reset)
  • The average score is 63 of 219

Answer Stats

HintAnswer% Correct
Conehead Zombie
100%
Player's HouseBasic Zombie
88%
Buckethead Zombie
88%
Buckethead Mummy
75%
Conehead Mummy
75%
Flag Zombie
75%
Imp
75%
Ancient EgyptMummy Zombie
75%
Buckethead Pirate
63%
Conehead Pirate
63%
Explorer Zombie
63%
Flag Mummy Zombie
63%
Imp Mummy
63%
Pharaoh Zombie
63%
Pirate SeasPirate Zombie
63%
Pyramid-Head Zombie
63%
Ra Zombie
63%
Balloon Zombie
50%
Barrel Roller Zombie
50%
Camel Zombies
50%
Flag Pirate Zombie
50%
Gargantuar
50%
Pelican Zombie
50%
Punk Zombie
50%
Rally Zombie
50%
Seagull Zombie
50%
Swashbuckler Zombie
50%
Tomb Raiser Zombie
50%
Treasure Yeti
50%
Zombie Bull
50%
8-Bit Zombie
38%
Barrelhead Zombie
38%
Blockhead Zombie
38%
Buckethead Cowboy
38%
Cave Buckethead Zombie
38%
Cave Conehead Zombie
38%
Frostbite CavesCave Zombie
38%
Conehead Cowboy
38%
Wild WestCowboy Zombie
38%
Disco Jetpack Zombie
38%
Egypt Rally Zombie
38%
Fisherman Zombie
38%
Flag Cowboy Zombie
38%
Future Buckethead Zombie
38%
Future Conehead Zombie
38%
Far FutureFuture Zombie
38%
Gargimp Legal
38%
Imp Cannon
38%
Jester Zombie
38%
Jetpack Zombie
38%
MC Zom-B
38%
Mummified Gargantuar
38%
Newspaper Zombie
38%
Octo Zombie
38%
Dark AgesPeasant Zombie
38%
Pirate Captain Zombie
38%
Sunday Edition Zombie
38%
Surfer Zombie
38%
Torchlight Zombie
38%
Wizard Zombie
38%
Yeti Imp
38%
ZCorp Conehead
38%
Z-Mech
38%
Zombie Chicken
38%
Zombie King
38%
Zombie Parrot
38%
Zombot Multi-stage Masher
38%
Zombot Plank Walker
38%
Zombot Sphinx-inator
38%
Lost CityAdventurer Zombie
25%
All-Star Zombie
25%
Amberhead Zombie
25%
Arcade Zombie
25%
Beach Flag Zombie
25%
Bikini Zombie
25%
Blastronaut Zombie
25%
Boombox Zombie
25%
Breakdancer Zombie
25%
Buckethead Adventurer Zombie
25%
Buckethead Bikini
25%
Buckethead Peasant
25%
Buckethead Pompadour
25%
Bug Bot Imp
25%
Bug Zombie
25%
Mini-bossesCardio Zombie
25%
Cart-Head Zombie
25%
Catapult Zombie
25%
Cave Flag Zombie
25%
Chicken Wrangler Zombie
25%
Conehead Adventurer Zombie
25%
Conehead Bikini
25%
Conehead Peasant
25%
Conehead Pompadour
25%
Cowboy Rally Zombie
25%
Dark Ages Gargantuar
25%
Deep Sea Gargantuar
25%
Disco-tron 3000
25%
Excavator Zombie
25%
Firebreather Zombie
25%
Flag Adventurer Zombie
25%
Future Flag Zombie
25%
Gargantuar Pirate
25%
Gargantuar Prime
25%
Gladiator Gargantuar
25%
Glitter Zombie
25%
Hair Metal Gargantuar
25%
Head Office Impgantuar
25%
Healer Zombie
25%
Holo Head Zombie
25%
Hunter Zombie
25%
Ice Weasel
25%
Imp Dragon Zombie
25%
Imp Mermaid Zombie
25%
Imp Monk Zombie
25%
Imp Pirate Zombie
25%
Imp Porter
25%
Impunk
25%
Jurassic Buckethead
25%
Jurassic Conehead
25%
Jurassic Flag Zombie
25%
Jurassic Fossilhead
25%
Jurassic Gargantuar
25%
Jurassic Imp
25%
Jurassic Rally Zombie
25%
Jurassic MarshJurassic Zombie
25%
Knight Zombie
25%
Lost City Imp
25%
Mecha-Football Zombie
25%
Neon Buckethead
25%
Neon Conehead
25%
Neon Flag Zombie
25%
Neon Mixtape TourNeon Zombie
25%
Parasol Zombie
25%
Big Wave BeachPompadour Zombie
25%
Poncho Zombie
25%
Porter Gargantuar
25%
Prospector Zombie
25%
Relic Hunter Zombie
25%
Robo-Cone Zombie
25%
Robo-Rally Zombie
25%
Rodeo Legend Zombie
25%
Roman Buckethead
25%
Roman Conehead
25%
Roman Shield Zombie
25%
Zombosseum EventRoman Zombie
25%
Shield Zombie
25%
Sloth Gargantuar
25%
Snorkel Zombie
25%
Troglobite
25%
Turquoise Skull Zombie
25%
Vase Gargantuar
25%
Weasel Hoarder
25%
ZCorp Buckethead
25%
ZCorp Chair Racer
25%
ZCorp Consultant
25%
ZCorp Contractor
25%
ZCorp Flag Zombie
25%
Zombie Bull Rider
25%
Zombot Aerostatic Gondola
25%
Zombot Dark Dragon
25%
Zombot Dinotronic Mechasaur
25%
Zombot Sharktronic Sub
25%
Zombot Tomorrow-tron
25%
Zombot Tuskmaster 10,000 BC
25%
Zombot War Wagon
25%
Arena Yeti
13%
Modern DayBrickhead Zombie
13%
Buckethead 8-Bit Zombie
13%
Buckethead Bug Zombie
13%
#caketank
13%
Carnie Buckethead
13%
Carnie Cannon
13%
Carnie Conehead
13%
Carnie Imp
13%
Carnie Imp Split
13%
Carnie Imp Twins
13%
Backyard Big Top EventCarnie Zombie
13%
Centurion Zombie
13%
Conehead 8-Bit Zombie
13%
Conehead Bug Zombie
13%
Dodo Rider Zombie
13%
Dr. Zomboss
13%
Big Beach Brawl EventDucky Tube
13%
Ducky Tube Buckethead
13%
Ducky Tube Conehead
13%
Fast Swimmer Zombie
13%
#feastivuscaketank
13%
Imp Pear Imp
13%
Jolly Roger Zombie
13%
Jurassic Bully
13%
Jurassic Rockpuncher
13%
Lost Pilot Zombie
13%
Peasant Flag Zombie
13%
Pianist Zombie
13%
Roman Ceasar Zombie
13%
Roman Flag Zombie
13%
Roman Imp
13%
Strongman Gargantuar
13%
Super-Fan Imp
13%
Wild West Gargantuar
13%
ZCorp Contractor Buckethead
13%
ZCorp Contractor Conehead
13%
ZCorp HelpDesk
13%
Zcorpion Zombie
13%
ZCorp Takeover EventZCorp New Hire
13%
Zombie Bobsled Crew
13%
Zombie Medusa
13%
Zomboni
13%
Zombot Catastro-liope
13%
Zombot Hot-Rodicus
13%
Bust Head Zombie
0%
Carnie Flag Zombie
0%
Grinderhead Zombie
0%
Magician Zombie
0%
Feastivus EventNutcracker Zombie
0%
Turkey Boss
0%
OthersTurkey Wrangler Zombie
0%
Zombie Dove
0%
Zombie Monkey
0%

Score Distribution

Percentile by Number Answered

Percent of People with Each Score

Your Score History

You have not taken this quiz since the last reset